| Tag |
First Indicator |
Second Indicator |
Subfields |
| LEADER |
00000cam a2200000 a 4500 |
| 001 |
in00000092341 |
| 005 |
20150923132109.0 |
| 008 |
820416s1982 nyua b 00110 eng d |
| 010 |
|
|
|a 81051836
|
| 020 |
|
|
|a 0312358083 (pbk.)
|
| 020 |
|
|
|a 9780312358082 (pbk.)
|
| 035 |
|
|
|a (OCoLC)08344007
|
| 035 |
|
|
|9 AAK7424AM
|
| 040 |
|
|
|a PSE
|c PSE
|d TXA
|d UtOrBLW
|
| 049 |
|
|
|a TXAM
|c [1673571]
|
| 050 |
0 |
0 |
|a T11
|b .B78 1982
|
| 082 |
0 |
|
|a 808/.0666
|2 19
|
| 100 |
1 |
|
|a Brusaw, Charles T.
|
| 245 |
1 |
0 |
|a Handbook of technical writing /
|c Charles T. Brusaw, Gerald J. Alred, Walter E. Oliu.
|
| 250 |
|
|
|a 2nd ed.
|
| 264 |
|
1 |
|a New York :
|b St. Martin's Press,
|c [1982]
|
| 264 |
|
4 |
|c ©1982
|
| 300 |
|
|
|a xxxviii, 696 pages :
|b illustrations ;
|c 21 cm.
|
| 336 |
|
|
|a text
|b txt
|2 rdacontent
|
| 337 |
|
|
|a unmediated
|b n
|2 rdamedia
|
| 338 |
|
|
|a volume
|b nc
|2 rdacarrier
|
| 500 |
|
|
|a Includes index.
|
| 504 |
|
|
|a Bibliography: pages 636-638.
|
| 650 |
|
0 |
|a Technical writing.
|
| 700 |
1 |
|
|a Alred, Gerald J.
|
| 700 |
1 |
|
|a Oliu, Walter E.
|
| 999 |
|
|
|a MARS
|
| 999 |
f |
f |
|s b537e2b6-0db2-3afe-97db-16493410352c
|i f2190ec8-c643-3356-b976-cc4ee07f4f09
|t 0
|
| 952 |
f |
f |
|p ric
|a Texas A&M University
|b Rellis Campus
|c Joint Library Facility
|d Remote Storage
|t 0
|e T11 .B78 1982
|h Library of Congress classification
|i unmediated -- volume
|m A14806007007
|
| 998 |
f |
f |
|a T11 .B78 1982
|t 0
|l Remote Storage
|